Statistics for States that Start with N

Click here to take the quiz!

General Stats

  • This quiz has been taken 84 times
    (76 since last reset)
  • The average score is 7 of 8

Answer Stats

State% Correct
Nebraska
99%
New York
96%
New Mexico
93%
Nevada
91%
New Hampshire
90%
New Jersey
90%
North Dakota
88%
North Carolina
87%

Score Distribution

Percentile by Number Answered

Percent of People with Each Score

Your Score History

You have not taken this quiz since the last reset